000 02970cam a2200769 i 4500
020 _a9780415599214 (hardback : alk. paper)
082 0 0 _a624.151363
_bGRO
_cN-01,P-220
100 _aKirsch, Klaus editor
_936302
245 0 0 _aGround improvement /
_cedited by Klaus Kirsch and Alan Bell.
250 _a3rd ed.
260 _aBoca Raton.
_bCRC Press.
_c2013
300 _aix, 501 pages :
_billustrations ;
_c24 cm
500 _a"A Spon Press book"--Cover.
526 _a0
_b0
_c0
_d624_151363000000000_GRO
526 _a0
_b0
_c0
_d624_151363000000000_GRO
526 _a0
_b0
_c0
_d624_151363000000000_GRO
526 _a0
_b0
_c0
_d624_151363000000000_GRO
526 _a0
_b0
_c0
_d624_151363000000000_GRO
526 _a0
_b0
_c0
_d624_151363000000000_GRO
526 _a0
_b0
_c0
_d624_151363000000000_GRO
526 _a0
_b0
_c0
_d624_151363000000000_GRO
526 _a0
_b0
_c0
_d624_151363000000000_GRO
526 _a0
_b0
_c0
_d624_151363000000000_GRO
526 _a0
_b0
_c0
_d624_151363000000000_GRO
526 _a0
_b0
_c0
_d624_151363000000000_GRO
526 _a0
_b0
_c0
_d624_151363000000000_GRO
526 _a0
_b0
_c0
_d624_151363000000000_GRO
526 _a0
_b0
_c0
_d624_151363000000000_GRO
526 _a0
_b0
_c0
_d624_151363000000000_GRO
526 _a0
_b0
_c0
_d624_151363000000000_GRO
526 _a0
_b0
_c0
_d624_151363000000000_GRO
526 _a0
_b0
_c0
_d624_151363000000000_GRO
526 _a0
_b0
_c0
_d624_151363000000000_GRO
526 _a0
_b0
_c0
_d624_151363000000000_GRO
526 _a0
_b0
_c0
_d624_151363000000000_GRO
526 _a0
_b0
_c0
_d624_151363000000000_GRO
526 _a0
_b0
_c0
_d624_151363000000000_GRO
526 _a0
_b0
_c0
_d624_151363000000000_GRO
526 _a0
_b0
_c0
_d624_151363000000000_GRO
526 _a0
_b0
_c0
_d624_151363000000000_GRO
526 _a0
_b0
_c0
_d624_151363000000000_GRO
526 _a0
_b0
_c0
_d624_151363000000000_GRO
526 _a0
_b0
_c0
_d624_151363000000000_GRO
526 _a0
_b0
_c0
_d624_151363000000000_GRO
526 _a0
_b0
_c0
_d624_151363000000000_GRO
526 _a0
_b0
_c0
_d624_151363000000000_GRO
526 _a0
_b0
_c0
_d624_151363000000000_GRO
526 _a0
_b0
_c0
_d624_151363000000000_GRO
526 _a0
_b0
_c0
_d624_151363000000000_GRO
526 _a0
_b0
_c0
_d624_151363000000000_GRO
526 _a0
_b0
_c0
_d624_151363000000000_GRO
526 _a0
_b0
_c0
_d624_151363000000000_GRO
526 _a0
_b0
_c0
_d624_151363000000000_GRO
526 _a0
_b0
_c0
_d624_151363000000000_GRO
526 _a0
_b0
_c0
_d624_151363000000000_GRO
526 _a0
_b0
_c0
_d624_151363000000000_GRO
526 _a0
_b0
_c0
_d624_151363000000000_GRO
526 _a0
_b0
_c0
_d624_151363000000000_GRO
526 _a0
_b0
_c0
_d624_151363000000000_GRO
526 _a0
_b0
_c0
_d624_151363000000000_GRO
650 0 _aGrouting.
_923495
650 0 _aSoil consolidation.
_bNUST
_936303
650 0 _aSoil stabilization.
_913080
700 1 _aBell, A. L.
_923496
700 1 _aKirsch, Klaus.
_913079
942 _2ddc
_cBK
999 _c541434
_d541434